Missing Word: Foxy Movies Quiz Stats

 Plays Quiz Updated Jun 18, 2017

Support Sporcle.
Go Orange.
Score 0/24 Timer 03:00
0 Plays Today
Hint Answer % Correct
Megan FoxMutant
98.8%
Michael J. FoxFuture
96.4%
Vivica A. FoxRobin
96%
Vivica A. FoxDay
95.8%
Michael J. FoxLittle
95.6%
Vivica A. FoxKill
95.5%
Edward FoxNever
92.5%
Jamie FoxxMiami
92.2%
Jamie FoxxCitizen
90.5%
Michael J. FoxMars
88.1%
Jamie FoxxDjango
87.6%
Matthew FoxWorld
87.2%
Hint Answer % Correct
Matthew FoxPoint
85.1%
Jamie FoxxSunday
83.5%
Michael J. FoxTeen
80.8%
Vivica A. FoxFools
76.9%
Edward FoxBig
72.1%
Edward FoxBridge
68.4%
Megan FoxTransformers
66.8%
Megan FoxBody
54.1%
Matthew FoxRacer
45.8%
Edward FoxJackal
45.5%
Matthew FoxMarshall
45.2%
Megan FoxJonah
39.5%

Today's Daily Dose

You're not logged in!

Compare scores with friends on all Sporcle quizzes.
OR
Log In
Forgot?

From the Vault

Find the Russian Movie Characters

by alvir28

There usually seems to be at least one in most James Bond films.
Remove Ads.
Support Sporcle.
Get the best of Sporcle when you Go Orange. This ad-free experience offers more features, more stats, and more fun while also helping to support Sporcle. Thank you for becoming a member.

Show Comments

Extras

Top Quizzes Today


Score Distribution

Your Account Isn't Verified!

In order to create a playlist on Sporcle, you need to verify the email address you used during registration. Go to your Sporcle Settings to finish the process.

Report this User

Report this user for behavior that violates our Community Guidelines.

Details: